000 00659nam a2200217Ia 4500
003 GCL
008 140319s9999 xx 000 0 ara d
040 _aGCL /
_cGCL
082 0 4 _a822
_bن م
100 1 _aنيكول ، الارديس
245 1 0 _aالمسرحية العالمية /
_cنيكول ، الارديس
700 1 _aعثمان نويه
260 _aالقاهرة :
_bمكتبة الانجلوالمصرية
300 _aمتعدد ؛
_c18 سم
490 _a
650 0 4 _aالعصر الحديث
650 0 4 _aالادب
650 0 4 _aتاريخ ونقد
650 0 4 _aالادب العالمى المترجم
942 _2ddc
_cBK
999 _c40441
_d40441